00491nam a2200157Ia 4500008004100000041000800041082001400049100003300063245004800096250001200144260003600156650002200192942000700214952009700221999001500318230711s9999||||xx |||||||||||||| ||und|| aENG a624bTH-A aThe Instuite of Civil Enggrs 0aAppropriate technology in Civil Engineering a1st Ed. c1981aNew DelhibThomas Telford aCivil Engineering cBK 001040708CaMCLbMCLd0000-00-00l0o624 TH-Ap12389r2023-08-17 14:03:10w2023-08-17yBK c3530d3530